000 00652nam a2200241 a 4500
999 _c4759
_d4759
001 4759
003 BD-JhCC
005 20171204095752.0
008 171203s1962 u |||| || | 001 0 eng d
035 _a(BD-JhCC)4759
040 _aBD-JhCC
_dBD-JhCC
041 _aeng
082 _a951.05
_bHSI 1962
100 _aHsieh, Alice Langley
245 _aCommunist Chaina's Strategy in The Nuclear Era /
_cAlice Langley Hsieh
260 _aU. S. A.
_bA Spectrum Book,
_c1962
300 _a204 p. :
_c20 cm.
504 _aIncludes Index and Bibliography
650 _aChina
_xMilitary
650 _xNuclear wartar
942 _2ddc
_cBK